000 00728nam a2200265 i 4500
001 C2-0300901
003 PPAK
005 20180728082320.0
008 091124s2009 my a|||| ||||| | may d
020 _a9789833872466
040 _aPPAK
_beng
_cPPAK
_erda
082 0 4 _a899.233
_223
090 0 0 _a899.233
_bADI
_dK
100 0 _aA. Dira,
_eauthor
245 1 0 _aKawan sejati
264 1 _aPuchong, Selangor :
_bIlmu Media Trade ,
_c2009
300 _a60 pages :
_billustrations ;
_c20 cm
336 _2rdacontent
_atext
337 _2rdamedia
_aunmediated
338 _2rdacarrier
_avolume
490 1 _aSiri didikan sayang
650 1 0 _aChildren's stories, Malay.
830 0 _aSiri didikan sayang
942 _ddc
_cB
999 _c104726
_d104726